Introducción al procesamiento digital de señales
Saved in:
| Main Author: | |
|---|---|
| Format: | Book |
| Language: | Spanish |
| Published: |
Valparaíso, Chile
Ediciones Universitarias de Valparaíso
2008
|
| Series: | Serie Ingeniería
|
| Subjects: | |
| Online Access: | Disponible Online |
| Tags: |
Add Tag
No Tags, Be the first to tag this record!
|
MARC
| LEADER | 00000cam a2200000 a 4500 | ||
|---|---|---|---|
| 001 | UCH0229 | ||
| 003 | CL-VaPUC | ||
| 005 | 20240513115820.0 | ||
| 008 | 090123e20080000CL |||||||||||||||||spa|d | ||
| 999 | |c 332573 |d 332571 | ||
| 020 | |a 9789561704268 | ||
| 040 | |c Pontificia Universidad Católica de Valparaíso | ||
| 082 | 0 | 4 | |a 621.382 VIG 2008 |2 21 |
| 100 | 0 | |a Vignolo Barchiesi, Juan Arturo |e author |9 534390 | |
| 245 | 1 | 0 | |a Introducción al procesamiento digital de señales |
| 260 | |a Valparaíso, Chile |b Ediciones Universitarias de Valparaíso |c 2008 | ||
| 300 | |a 226 páginas | ||
| 440 | |a Serie Ingeniería |9 861165 | ||
| 583 | |a last modification |c 20130423 03:57:43 |k Rodrigo Vera | ||
| 650 | 0 | |a Procesamiento de señales |9 260702 | |
| 650 | 0 | |a Señales digitales |9 453966 | |
| 650 | 0 | |a Telecomunicaciones |9 257195 | |
| 856 | |u https://bibliografiadigital.pucv.cl/index.php/bibliotecapucv/catalog/book/470 |y Disponible Online | ||
| 942 | |c BK |2 ddc | ||
| 945 | |d 20090123 00:00:00 |a cmena | ||
| 952 | |0 0 |1 0 |2 ddc |4 0 |6 621_382000000000000_VIG_2008 |7 0 |8 A |9 420386 |a BIBING |b BIBING |c RES |d 2019-11-22 |i 4513304 |o 621.382 VIG 2008 |p 4513304 |r 2025-01-20 |w 2019-11-22 |y BK |k EII | ||
| 952 | |0 0 |1 0 |2 ddc |4 0 |6 621_382000000000000_VIG_2008 |7 0 |8 A |9 420387 |a BIBING |b BIBING |c RES |d 2019-11-22 |i 4513312 |l 1 |o 621.382 VIG 2008 |p 4513312 |r 2025-01-20 |s 2023-08-24 |w 2019-11-22 |y BK |k EII | ||
| 952 | |0 0 |1 0 |2 ddc |4 0 |6 621_382000000000000_VIG_2008 |7 0 |8 A |9 420388 |a BIBING |b BIBING |c RES |d 2019-11-22 |i 4513320 |l 3 |o 621.382 VIG 2008 |p 4513320 |r 2025-01-20 |s 2022-09-05 |w 2019-11-22 |y BK |k EII | ||
| 952 | |0 0 |1 0 |2 ddc |4 0 |6 621_382000000000000_VIG_2008 |7 0 |8 A |9 420389 |a BIBING |b BIBING |c RES |d 2019-11-22 |i 4513339 |l 5 |o 621.382 VIG 2008 |p 4513339 |r 2025-01-20 |s 2022-05-04 |w 2019-11-22 |y BK |k EII | ||
| 952 | |0 0 |1 0 |2 ddc |4 0 |6 621_382000000000000_VIG_2008 |7 0 |8 A |9 420390 |a BIBING |b BIBING |c RES |d 2019-11-22 |i 4513347 |l 1 |o 621.382 VIG 2008 |p 4513347 |r 2025-01-20 |s 2022-10-20 |w 2019-11-22 |y BK |k EII | ||
| 952 | |0 0 |1 0 |2 ddc |4 0 |6 621_382000000000000_VIG_2008 |7 0 |8 A |9 420391 |a BIBING |b BIBING |c RES |d 2019-11-22 |i 4513355 |o 621.382 VIG 2008 |p 4513355 |r 2025-01-20 |w 2019-11-22 |y BK |k EII | ||
| 952 | |0 0 |1 0 |2 ddc |4 0 |6 621_382000000000000_VIG_2008 |7 0 |8 A |9 420392 |a BIBING |b BIBING |c RES |d 2019-11-22 |i 4513363 |l 4 |o 621.382 VIG 2008 |p 4513363 |r 2025-01-20 |s 2022-06-23 |w 2019-11-22 |y BK |k EII | ||
| 952 | |0 0 |1 0 |2 ddc |4 0 |6 621_382000000000000_VIG_2008 |7 0 |8 A |9 420393 |a BIBING |b BIBING |c RES |d 2019-11-22 |i 4513371 |l 2 |o 621.382 VIG 2008 |p 4513371 |r 2025-01-20 |s 2022-03-24 |w 2019-11-22 |y BK |k EII | ||
| 952 | |0 0 |1 0 |2 ddc |4 0 |6 621_382000000000000_VIG_2008 |7 0 |8 A |9 420394 |a BIBING |b BIBING |c RES |d 2019-11-22 |i 451338K |o 621.382 VIG 2008 |p 451338K |r 2025-01-20 |w 2019-11-22 |y BK |k EII | ||
| 952 | |0 0 |1 0 |2 ddc |4 0 |6 621_382000000000000_VIG_2008 |7 0 |8 A |9 420395 |a BIBING |b BIBING |c RES |d 2019-11-22 |i 4513398 |l 5 |o 621.382 VIG 2008 |p 4513398 |r 2025-01-20 |s 2022-05-04 |w 2019-11-22 |y BK |k EII | ||
| 952 | |0 0 |1 0 |2 ddc |4 0 |6 621_382000000000000_VIG_2008 |7 0 |8 A |9 420396 |a BIBING |b BIBING |c RES |d 2019-11-22 |i 4513401 |o 621.382 VIG 2008 |p 4513401 |r 2025-01-20 |w 2019-11-22 |y BK |k EII | ||
| 952 | |0 0 |1 0 |2 ddc |4 0 |6 621_382000000000000_VIG_2008 |7 0 |8 A |9 420397 |a BIBING |b BIBING |c RES |d 2019-11-22 |i 451341K |l 1 |o 621.382 VIG 2008 |p 451341K |r 2025-01-20 |s 2022-10-13 |w 2019-11-22 |y BK |k EII | ||
| 952 | |0 0 |1 0 |2 ddc |4 0 |6 621_382000000000000_VIG_2008 |7 0 |8 A |9 420398 |a BIBING |b BIBING |c RES |d 2019-11-22 |i 4513428 |l 4 |o 621.382 VIG 2008 |p 4513428 |r 2025-01-20 |s 2022-06-10 |w 2019-11-22 |y BK |k EII | ||
| 952 | |0 0 |1 0 |2 ddc |4 0 |6 621_382000000000000_VIG_2008 |7 0 |8 A |9 420399 |a BIBING |b BIBING |c RES |d 2019-11-22 |i 4513436 |o 621.382 VIG 2008 |p 4513436 |r 2025-01-20 |w 2019-11-22 |y BK |k EII | ||
| 952 | |0 0 |1 0 |2 ddc |4 0 |6 621_382000000000000_VIG_2008 |7 0 |8 A |9 420400 |a BIBING |b BIBING |c RES |d 2019-11-22 |i 4513444 |l 3 |o 621.382 VIG 2008 |p 4513444 |r 2025-01-20 |s 2022-05-02 |w 2019-11-22 |y BK |k EII | ||
| 952 | |0 0 |1 0 |2 ddc |4 0 |6 621_382000000000000_VIG_2008 |7 0 |8 A |9 420401 |a BIBING |b BIBING |c RES |d 2019-11-22 |i 4513452 |l 1 |o 621.382 VIG 2008 |p 4513452 |r 2025-01-20 |s 2023-09-14 |w 2019-11-22 |y BK |k EII | ||
| 952 | |0 0 |1 0 |2 ddc |4 0 |6 621_382000000000000_VIG_2008 |7 0 |8 A |9 420402 |a BIBING |b BIBING |c RES |d 2019-11-22 |i 4513460 |o 621.382 VIG 2008 |p 4513460 |r 2025-01-20 |w 2019-11-22 |y BK |k EII | ||
| 952 | |0 0 |1 0 |2 ddc |4 0 |6 621_382000000000000_VIG_2008 |7 0 |8 A |9 420403 |a BIBING |b BIBING |c RES |d 2019-11-22 |i 4513479 |o 621.382 VIG 2008 |p 4513479 |r 2025-01-20 |w 2019-11-22 |y BK |k EII | ||
| 952 | |0 0 |1 0 |2 ddc |4 0 |6 621_382000000000000_VIG_2008 |7 0 |8 A |9 420404 |a BIBING |b BIBING |c RES |d 2019-11-22 |i 4513487 |l 1 |o 621.382 VIG 2008 |p 4513487 |r 2025-01-20 |s 2022-04-13 |w 2019-11-22 |y BK |k EII | ||
| 952 | |0 0 |1 0 |2 ddc |4 0 |6 621_382000000000000_VIG_2008 |7 0 |8 A |9 420405 |a BIBING |b BIBING |c RES |d 2019-11-22 |i 4513495 |o 621.382 VIG 2008 |p 4513495 |r 2025-01-20 |w 2019-11-22 |y BK |k EII | ||
| 952 | |0 0 |1 0 |4 0 |6 621_382000000000000_VIG_2008 |7 0 |8 X |9 420406 |a FDOBUD |b FDOBUD |d 2019-11-22 |i 4546822 |o 621.382 VIG 2008 |p 4546822 |r 2019-11-22 |w 2019-11-22 |y BK_X |k BUD | ||
| 952 | |0 0 |1 0 |4 0 |6 621_382000000000000_VIG_2008 |7 0 |8 X |9 420408 |a FDOBUD |b FDOBUD |d 2019-11-22 |i 4967941 |o 621.382 VIG 2008 |p 4967941 |r 2019-11-22 |w 2019-11-22 |y BK_X |k FHP | ||
| 952 | |0 0 |1 0 |2 ddc |3 erb |4 0 |6 621_382000000000000_VIG_2008 |7 0 |8 A |9 420409 |a BIBING |b BIBING |c RES |i 5095662 |l 1 |o 621.382 VIG 2008 |p 5095662 |r 2025-01-20 |s 2022-05-04 |w 2019-11-22 |y BK |z Catalogado en:20140821 |k EIB | ||
| 952 | |0 0 |1 0 |3 erb |4 0 |6 621_382000000000000_VIG_2008 |7 0 |8 X |9 420410 |a FDOBUD |b FDOBUD |i 540777K |o 621.382 VIG 2008 |p 540777K |r 2019-11-22 |w 2019-11-22 |y BK_X |z Catalogado en:20170713 |k FHP | ||